Welcome to CU Library Online Public Access Catalogue (OPAC)

Technical communications : (Record no. 8097)

MARC details
000 -LEADER
fixed length control field 00786cam a22002174a 4500
001 - CONTROL NUMBER
control field 12923057
005 - DATE AND TIME OF LATEST TRANSACTION
control field 20251105173457.0
008 - FIXED-LENGTH DATA ELEMENTS--GENERAL INFORMATION
fixed length control field 020909s2003 nyu b 001 0 eng
020 ## - INTERNATIONAL STANDARD BOOK NUMBER
International Standard Book Number 0078298776
020 ## - INTERNATIONAL STANDARD BOOK NUMBER
International Standard Book Number 9780078298776
050 00 - LIBRARY OF CONGRESS CALL NUMBER
Classification number T10.5
Item number .T4135 2003
082 00 - DEWEY DECIMAL CLASSIFICATION NUMBER
Classification number 808/.0666
Edition information 21
245 00 - TITLE STATEMENT
Title Technical communications :
Remainder of title 10 ways to manage technical documents.
260 ## - PUBLICATION, DISTRIBUTION, ETC.
Place of publication, distribution, etc. New York :
Name of publisher, distributor, etc. Glencoe/McGraw-Hill,
Date of publication, distribution, etc. c2003.
300 ## - PHYSICAL DESCRIPTION
Extent xviii, 206 p. ;
Dimensions 28 cm.
440 #0 - SERIES STATEMENT/ADDED ENTRY--TITLE
Title Glencoe professional communication series
650 #0 - SUBJECT ADDED ENTRY--TOPICAL TERM
Topical term or geographic name entry element Communication of technical information.
856 42 - ELECTRONIC LOCATION AND ACCESS
Materials specified Publisher description
Uniform Resource Identifier <a href="http://www.loc.gov/catdir/description/mh031/2002014580.html">http://www.loc.gov/catdir/description/mh031/2002014580.html</a>
856 41 - ELECTRONIC LOCATION AND ACCESS
Materials specified Table of contents
Uniform Resource Identifier <a href="http://www.loc.gov/catdir/toc/mh031/2002014580.html">http://www.loc.gov/catdir/toc/mh031/2002014580.html</a>
942 ## - ADDED ENTRY ELEMENTS (KOHA)
Source of classification or shelving scheme Library of Congress Classification
Koha item type Books
Suppress in OPAC No
999 ## -
-- 8097
-- 8097
Holdings
Withdrawn status Lost status Source of classification or shelving scheme Damaged status Not for loan Collection Home library Current library Shelving location Date acquired Total checkouts Full call number Barcode Date last seen Copy number Price effective from Koha item type
    Library of Congress Classification     Non-fiction Science Library (Miotso) Science Library (Miotso) General stacks 11/05/2025   T10.5 .T4135 TEC SLM00005445 11/05/2025 1 11/05/2025 Books
    Library of Congress Classification     Non-fiction Science Library (Miotso) Science Library (Miotso) General stacks 11/05/2025   T10.5 .T4135 TEC SLM00005446 11/05/2025 2 11/05/2025 Books
    Library of Congress Classification     Non-fiction Science Library (Miotso) Science Library (Miotso) General stacks 11/05/2025   T10.5 .T4135 TEC SLM00005447 11/05/2025 3 11/05/2025 Books
© 2023-2024 Copyright: Central University Libraries. All Rights Reserved | Created by: Mahone Tech Office